Характеристики частичных разрядов в изоляторах их фарфора и поликарбоната; Известия Томского политехнического университета [Известия ТПУ]; Т. 309, № 2
| Parent link: | Известия Томского политехнического университета [Известия ТПУ]/ Томский политехнический университет (ТПУ).— , 2000- Т. 309, № 2.— 2006.— [С. 82-87] |
|---|---|
| Hovedforfatter: | |
| Andre forfattere: | , |
| Summary: | Заглавие с титульного листа Электронная версия печатной публикации Проведены исследования и проанализированы характеристики электромагнитного поля и акустического шума, которые возникают при появлении частичных разрядов в фарфоровых изоляторах и в их полимерном аналоге, изготовленного из поликарбоната. Длительность импульсов частичных разрядов составляет 5…20 нс, частота следования - 50…500 Гц для фарфоровых изоляторов и порядка 4 кГц - для поликарбоната. Для повышения качества диагностики фарфоровых изоляторов контактной сети железной дороги предлагается дополнить существующий акустический метод диагностики электромагнитным методом регистрации частичных разрядов с использованием антенны. |
| Sprog: | russisk |
| Udgivet: |
2006
|
| Serier: | Технические науки |
| Fag: | |
| Online adgang: | http://www.lib.tpu.ru/fulltext/v/Bulletin_TPU/2006/v309/i2/17.pdf |
| Format: | Electronisk Book Chapter |
| KOHA link: | https://koha.lib.tpu.ru/cgi-bin/koha/opac-detail.pl?biblionumber=171174 |
MARC
| LEADER | 00000nla2a2200000 4500 | ||
|---|---|---|---|
| 001 | 171174 | ||
| 005 | 20231031163931.0 | ||
| 035 | |a (RuTPU)RU\TPU\book\185631 | ||
| 035 | |a RU\TPU\book\185627 | ||
| 090 | |a 171174 | ||
| 100 | |a 20091202d2006 k y0rusy50 ca | ||
| 101 | 0 | |a rus | |
| 102 | |a RU | ||
| 135 | |a drnn ---uucaa | ||
| 181 | 0 | |a i | |
| 182 | 0 | |a b | |
| 200 | 1 | |a Характеристики частичных разрядов в изоляторах их фарфора и поликарбоната |b Электронный ресурс |f С. М. Куценко, Н. Н. Климов, В. И. Муратов | |
| 203 | |a Текст |c электронный | ||
| 215 | |a 1 файл (457 Кб) | ||
| 225 | 1 | |a Технические науки | |
| 230 | |a Электронные текстовые данные (1 файл : 457 Кб) | ||
| 300 | |a Заглавие с титульного листа | ||
| 300 | |a Электронная версия печатной публикации | ||
| 320 | |a [Библиогр.: с. 87 (13 назв.)] | ||
| 330 | |a Проведены исследования и проанализированы характеристики электромагнитного поля и акустического шума, которые возникают при появлении частичных разрядов в фарфоровых изоляторах и в их полимерном аналоге, изготовленного из поликарбоната. Длительность импульсов частичных разрядов составляет 5…20 нс, частота следования - 50…500 Гц для фарфоровых изоляторов и порядка 4 кГц - для поликарбоната. Для повышения качества диагностики фарфоровых изоляторов контактной сети железной дороги предлагается дополнить существующий акустический метод диагностики электромагнитным методом регистрации частичных разрядов с использованием антенны. | ||
| 337 | |a Adobe Reader | ||
| 461 | 1 | |0 (RuTPU)RU\TPU\book\176237 |t Известия Томского политехнического университета [Известия ТПУ] |f Томский политехнический университет (ТПУ) |d 2000- | |
| 463 | 1 | |0 (RuTPU)RU\TPU\book\185599 |t Т. 309, № 2 |v [С. 82-87] |d 2006 |p 288 с. | |
| 610 | 1 | |a характеристики | |
| 610 | 1 | |a частичные разряды | |
| 610 | 1 | |a изоляторы | |
| 610 | 1 | |a фарфор | |
| 610 | 1 | |a поликарбонаты | |
| 610 | 1 | |a исследования | |
| 610 | 1 | |a электромагнитные поля | |
| 610 | 1 | |a акустические шумы | |
| 610 | 1 | |a фарфоровые изоляторы | |
| 610 | 1 | |a полимерные аналоги | |
| 610 | 1 | |a частоты | |
| 610 | 1 | |a диагностика | |
| 610 | 1 | |a контактные сети | |
| 610 | 1 | |a железные дороги | |
| 610 | 1 | |a акустические методы | |
| 610 | 1 | |a электромагнитные методы | |
| 610 | 1 | |a регистрация | |
| 610 | 1 | |a антенны | |
| 610 | 1 | |a электронный ресурс | |
| 700 | 1 | |a Куценко |b С. М. | |
| 701 | 1 | |a Климов |b Н. Н. | |
| 701 | 1 | |a Муратов |b В. И. | |
| 801 | 1 | |a RU |b 63413507 |c 20090623 |g PSBO | |
| 801 | 2 | |a RU |b 63413507 |c 20211015 |g PSBO | |
| 856 | 4 | |u http://www.lib.tpu.ru/fulltext/v/Bulletin_TPU/2006/v309/i2/17.pdf | |
| 942 | |c CF | ||